[Event "Buenos Aires CC Argentino"]
[Site "Buenos Aires"]
[Date "2008.10.08"]
[Round "8"]
[White "Larsen, Bent"]
[Black "Mareco, Sandro"]
[Result "0-1"]
[WhiteElo "2461"]
[BlackElo "2477"]
[PlyCount "42"]
[EventDate "2008.09.29"]
[EventType "tourn"]
[EventRounds "9"]
[EventCountry "ARG"]
[EventCategory "9"]
[SourceTitle "CBM 126 Extra"]
[Source "ChessBase"]
[SourceDate "2008.11.05"]
[SourceVersion "1"]
[SourceVersionDate "2008.11.05"]
[SourceQuality "1"]

1. b4 e5 2. Bb2 Bxb4 3. Bxe5 Nf6 4. c3 Be7 5. Qc2 Nc6 6. Bf4 0-0 7. a4 d5 8. Nf3 Re8 9. g3 Bd6 10. Bxd6 Qxd6 11. e3 g6 12. a5 Bf5 13. d3 Qc5 14. Qb2 Nxa5 15. c4 Ng4 16. Qa3 Rxe3+ 17. fxe3 Qxe3+ 18. Be2 Re8 19. Ng1 Bxd3 20. Nc3 Nxc4 21. Qa2 Bxe2 0-1

[Event "Buenos Aires CC Argentino"]
[Site "Buenos Aires"]
[Date "2008.09.30"]
[Round "2"]
[White "Mahia, Gustavo"]
[Black "Larsen, Bent"]
[Result "1-0"]
[WhiteElo "2441"]
[BlackElo "2461"]
[PlyCount "63"]
[EventDate "2008.09.29"]
[EventType "tourn"]
[EventRounds "9"]
[EventCountry "ARG"]
[EventCategory "9"]
[SourceTitle "CBM 126 Extra"]
[Source "ChessBase"]
[SourceDate "2008.11.05"]
[SourceVersion "1"]
[SourceVersionDate "2008.11.05"]
[SourceQuality "1"]

1. d4 c5 2. d5 e5 3. Nc3 h5 4. e4 d6 5. f4 Bg4 6. Be2 Nd7 7. Nf3 a6 8. a4 Ne7 9. f5 g6 10. 0-0 gxf5 11. exf5 Nf6 12. Bg5 Bg7 13. Nd2 Neg8 14. Nc4 Bh6 15. Bh4 Qc7 16. h3 Bxe2 17. Qxe2 Kf8 18. a5 Re8 19. Ra3 Bg7 20. Rb3 Rd8 21. Rb6 Rd7 22. Rf3 Ne7 23. Bxf6 Bxf6 24. Ne4 Nxd5 25. Qd1 Nxb6 26. Nxb6 Bd8 27. Rd3 Rh6 28. Qd2 Rf6 29. Nd5 Qxa5 30. Qxa5 Bxa5 31. Nexf6 Rd8 32. Rg3 1-0

[Event "Buenos Aires CC Argentino"]
[Site "Buenos Aires"]
[Date "2008.09.29"]
[Round "1"]
[White "Larsen, Bent"]
[Black "Dos Santos, Ramiro"]
[Result "0-1"]
[WhiteElo "2461"]
[BlackElo "2435"]
[PlyCount "64"]
[EventDate "2008.09.29"]
[EventType "tourn"]
[EventRounds "9"]
[EventCountry "ARG"]
[EventCategory "9"]
[SourceTitle "CBM 126 Extra"]
[Source "ChessBase"]
[SourceDate "2008.11.05"]
[SourceVersion "1"]
[SourceVersionDate "2008.11.05"]
[SourceQuality "1"]

1. g4 d5 2. Bg2 c6 3. h3 e5 4. d3 Ne7 5. Nd2 Ng6 6. Ndf3 Bc5 7. a4 0-0 8. a5 f5 9. gxf5 Bxf5 10. h4 Bg4 11. Ra4 Bh5 12. Bh3 Nd7 13. Rh2 b5 14. axb6 Nxb6 15. Ra6 Qc7 16. Rg2 e4 17. dxe4 dxe4 18. Nd4 Rad8 19. c3 Nxh4 20. Rg3 Kh8 21. Bg5 Be7 22. Qc1 Bf7 23. Nxc6 Qxc6 24. Bxe7 Bc4 25. Rxa7 Rf7 26. Bxd8 Rxa7 27. Bxh4 Qa8 28. Qg5 Ra1+ 29. Kd2 Rd1+ 30. Ke3 Nd5+ 31. Kxe4 Nf6+ 32. Kf4 Qe4# 0-1

[Event "Buenos Aires m"]
[Site "Buenos Aires"]
[Date "2008.07.19"]
[Round "2"]
[White "Morovic Fernandez, Ivan"]
[Black "Larsen, Bent"]
[Result "1/2-1/2"]
[WhiteElo "2551"]
[BlackElo "2461"]
[PlyCount "101"]
[EventDate "2008.07.18"]
[EventType "match"]
[EventRounds "4"]
[EventCountry "ARG"]
[SourceTitle "CBM 125 Extra"]
[Source "ChessBase"]
[SourceDate "2008.09.01"]
[SourceVersion "1"]
[SourceVersionDate "2008.09.01"]
[SourceQuality "1"]

1. Nf3 g6 2. c4 Bg7 3. d4 c5 4. e4 cxd4 5. Nxd4 Nf6 6. Nc3 0-0 7. Be2 Nc6 8. Be3 d6 9. 0-0 Nd7 10. Qd2 Nxd4 11. Bxd4 Bxd4 12. Qxd4 Qb6 13. Rfd1 Qxd4 14. Rxd4 Ne5 15. Nd5 Nc6 16. Rd2 Be6 17. Rc1 Rfc8 18. Rc3 b6 19. f4 Kf8 20. Kf2 Rab8 21. a3 f6 22. h4 h6 23. g3 Nd8 24. Ne3 Nb7 25. b4 Nd8 26. h5 g5 27. Bg4 a5 28. e5 axb4 29. axb4 fxe5 30. fxe5 Bxg4 31. Nxg4 Nf7 32. e6 Nd8 33. Nxh6 Nxe6 34. Kg2 Ke8 35. Ng4 Ng7 36. Rd5 Nxh5 37. Rxg5 Nf6 38. Nxf6+ exf6 39. Rg7 Kf8 40. Rd7 Rd8 41. Rh7 Kg8 42. Ra7 Ra8 43. Rxa8 Rxa8 44. Rd3 Rd8 45. Rd5 Kf7 46. Rb5 Ke7 47. Rxb6 Rc8 48. Rb7+ Ke6 49. c5 dxc5 50. bxc5 Rxc5 51. Kf3 1/2-1/2

[Event "Buenos Aires m"]
[Site "Buenos Aires"]
[Date "2008.07.18"]
[Round "1"]
[White "Larsen, Bent"]
[Black "Morovic Fernandez, Ivan"]
[Result "1/2-1/2"]
[WhiteElo "2461"]
[BlackElo "2551"]
[PlyCount "65"]
[EventDate "2008.07.18"]
[EventType "match"]
[EventRounds "4"]
[EventCountry "ARG"]
[SourceTitle "CBM 125 Extra"]
[Source "ChessBase"]
[SourceDate "2008.09.01"]
[SourceVersion "1"]
[SourceVersionDate "2008.09.01"]
[SourceQuality "1"]

1. c4 Nf6 2. Nf3 g6 3. d4 Bg7 4. Nc3 0-0 5. e4 d6 6. Be2 Bg4 7. Be3 Nfd7 8. Rc1 e5 9. d5 a5 10. 0-0 Na6 11. Nd2 Bxe2 12. Qxe2 f5 13. exf5 gxf5 14. f3 Qh4 15. a3 Bh6 16. Bxh6 Qxh6 17. Rb1 Nac5 18. b3 c6 19. Rfd1 cxd5 20. Nxd5 Ne6 21. Nf1 Nd4 22. Qf2 Rae8 23. b4 axb4 24. axb4 Nf6 25. Nfe3 Kh8 26. Nxf6 Rxf6 27. c5 Rg8 28. Kh1 Qh5 29. cxd6 Rxd6 30. g4 fxg4 31. fxg4 Qg6 32. Qg2 Rf6 33. Nd5 1/2-1/2

[Event "Pinamar"]
[Site "Pinamar"]
[Date "2004.04.01"]
[Round "9"]
[White "Garcia Palermo, Carlos H"]
[Black "Larsen, Bent"]
[Result "1-0"]
[WhiteElo "2443"]
[BlackElo "2470"]
[PlyCount "65"]
[EventDate "2004.03.24"]
[EventType "tourn"]
[EventRounds "11"]
[EventCountry "ARG"]
[EventCategory "7"]
[SourceTitle "CBM 099 Extra"]
[Source "ChessBase"]
[SourceDate "2004.05.04"]
[SourceVersion "1"]
[SourceVersionDate "2004.05.04"]
[SourceQuality "1"]

1. Nf3 Nf6 2. d4 e6 3. g3 b6 4. Bg2 Bb7 5. 0-0 c5 6. e3 Be7 7. b3 0-0 8. Bb2 Nc6 9. Qe2 Rc8 10. Rd1 d5 11. c4 cxd4 12. exd4 Rc7 13. Na3 Qa8 14. Nc2 Rfc8 15. Ne3 a5 16. a4 Bf8 17. Ne5 dxc4 18. N5xc4 Qa6 19. d5 exd5 20. Bxd5 Ne8 21. Nf5 Nb4 22. Bxb7 Qxb7 23. Rd4 Qc6 24. Re1 Nd5 25. Rg4 g6 26. Nd4 Qd7 27. Nb5 Rb7 28. Rd1 Qf5 29. Re4 Ndc7 30. Re5 Qh3 31. Nxc7 Nxc7 32. Qf3 Rbb8 33. Qf6 1-0

[Event "Pinamar"]
[Site "Pinamar"]
[Date "2004.03.24"]
[Round "10"]
[White "Larsen, Bent"]
[Black "Ricardi, Pablo"]
[Result "1/2-1/2"]
[WhiteElo "2470"]
[BlackElo "2540"]
[PlyCount "52"]
[EventDate "2004.03.24"]
[EventType "tourn"]
[EventRounds "11"]
[EventCountry "ARG"]
[EventCategory "7"]
[SourceTitle "CBM 099 Extra"]
[Source "ChessBase"]
[SourceDate "2004.05.04"]
[SourceVersion "1"]
[SourceVersionDate "2004.05.04"]
[SourceQuality "1"]

1. Nf3 Nf6 2. c4 e6 3. d4 d5 4. Bg5 c6 5. Nbd2 Nbd7 6. e3 Be7 7. Bd3 h6 8. Bh4 0-0 9. 0-0 c5 10. Rc1 cxd4 11. Nxd4 Ne5 12. Be2 Bd7 13. Bg3 Nc6 14. Nb5 a6 15. cxd5 exd5 16. Nd6 Bxd6 17. Bxd6 Re8 18. Nb3 Bg4 19. Bxg4 Qxd6 20. Bf3 Qb4 21. Qd2 Qxd2 22. Nxd2 Rac8 23. a3 Ne5 24. Be2 Ne4 25. Nb3 Nc4 26. Rc2 Ncd2 1/2-1/2

[Event "Reykjavik KB m"]
[Site "Reykjavik"]
[Date "2003.11.12"]
[Round "4"]
[White "Larsen, Bent"]
[Black "Olafsson, Fridrik"]
[Result "1/2-1/2"]
[WhiteElo "2470"]
[BlackElo "2452"]
[PlyCount "122"]
[EventDate "2003.11.11"]
[EventType "match (rapid)"]
[EventRounds "8"]
[EventCountry "ISL"]
[SourceTitle "EXT 2004"]
[Source "ChessBase"]
[SourceDate "2003.11.25"]
[SourceVersion "1"]
[SourceVersionDate "2003.11.25"]
[SourceQuality "1"]

1. Nf3 Nf6 2. c4 e6 3. e3 b6 4. b3 Bb7 5. Bb2 Be7 6. Be2 0-0 7. 0-0 d5 8. d4 Nbd7 9. Nbd2 c5 10. Rc1 Re8 11. cxd5 Nxd5 12. a3 cxd4 13. Nc4 Bf8 14. Nxd4 a5 15. Bf3 Nc5 16. a4 Rb8 17. Nb5 f6 18. Ba3 Nb4 19. Bxb7 Rxb7 20. Bxb4 axb4 21. Qc2 Qd3 22. Qxd3 Nxd3 23. Ncd6 Nxc1 24. Rxc1 Ree7 25. Nxb7 Rxb7 26. Kf1 Rb8 27. Ke2 h5 28. Rc7 Kh7 29. e4 Kg6 30. f4 e5 31. fxe5 fxe5 32. h4 Kf6 33. Rc6+ Kf7 34. Nd6+ Bxd6 35. Rxd6 b5 36. a5 Rc8 37. a6 Rc2+ 38. Rd2 Rc7 39. Ra2 Ra7 40. Ra5 Kf6 41. Kf3 Ke6 42. g4 g6 43. gxh5 gxh5 44. Rxb5 Rxa6 45. Rxb4 Ra1 46. Rb6+ Kf7 47. Rh6 Rb1 48. Rxh5 Rxb3+ 49. Kg4 Re3 50. Rxe5 Kf6 51. Kf4 Re1 52. Ra5 Rh1 53. Ra6+ Kf7 54. Kg5 Rf1 55. Kh6 Rf4 56. h5 Rxe4 57. Kh7 Re7 58. h6 Rb7 59. Ra1 Kf6+ 60. Kg8 Rb8+ 61. Kh7 Rb7+ 1/2-1/2

[Event "Reykjavik KB m"]
[Site "Reykjavik"]
[Date "2003.11.11"]
[Round "2"]
[White "Larsen, Bent"]
[Black "Olafsson, Fridrik"]
[Result "0-1"]
[WhiteElo "2470"]
[BlackElo "2452"]
[PlyCount "66"]
[EventDate "2003.11.11"]
[EventType "match (rapid)"]
[EventRounds "8"]
[EventCountry "ISL"]
[SourceTitle "EXT 2004"]
[Source "ChessBase"]
[SourceDate "2003.11.25"]
[SourceVersion "1"]
[SourceVersionDate "2003.11.25"]
[SourceQuality "1"]

1. e4 c5 2. Nf3 e6 3. Nc3 Nc6 4. Bb5 Nge7 5. 0-0 a6 6. Bxc6 Nxc6 7. d4 cxd4 8. Nxd4 Be7 9. Nxc6 dxc6 10. e5 0-0 11. Bf4 f5 12. exf6 gxf6 13. Qxd8 Bxd8 14. Bd6 Re8 15. f4 b6 16. Rad1 c5 17. a4 Bb7 18. a5 c4 19. axb6 Bxb6+ 20. Kh1 Bc6 21. f5 Kf7 22. fxe6+ Rxe6 23. Bg3 Rd8 24. Rxd8 Bxd8 25. Kg1 Ba5 26. Be1 Bb7 27. Bd2 Bb6+ 28. Kh1 Bd4 29. h3 Be5 30. Na4 Rd6 31. Bb4 Rd8 32. Nc5 Bc6 33. Ba5 Rg8 0-1

[Event "Najdorf Memorial Great fin"]
[Site "Buenos Aires"]
[Date "2002.10.04"]
[Round "2.3"]
[White "Zarnicki, Pablo Adrian"]
[Black "Larsen, Bent"]
[Result "0-1"]
[WhiteElo "2499"]
[BlackElo "2486"]
[PlyCount "124"]
[EventDate "2002.09.01"]
[EventType "k.o."]
[EventRounds "4"]
[EventCountry "ARG"]
[SourceTitle "CBM 090 Extra"]
[Source "ChessBase"]
[SourceDate "2002.11.07"]
[SourceVersion "1"]
[SourceVersionDate "2002.11.07"]
[SourceQuality "1"]

1. e4 c6 2. d4 d5 3. Nc3 dxe4 4. Nxe4 Bf5 5. Ng3 Bg6 6. h4 h6 7. Nf3 Nd7 8. h5 Bh7 9. Bd3 Bxd3 10. Qxd3 e6 11. Bf4 Ngf6 12. 0-0-0 Be7 13. Kb1 Nd5 14. Bc1 b5 15. Ne4 a5 16. Ne5 Nxe5 17. dxe5 0-0 18. f4 f5 19. exf6 Nxf6 20. Nxf6+ Rxf6 21. Qe4 Qe8 22. b3 Bb4 23. Rd3 Rf5 24. a3 Bf8 25. g4 Rd5 26. Re1 Rxd3 27. Qxd3 a4 28. f5 e5 29. Bb2 axb3 30. Qxb3+ Qf7 31. Qxf7+ Kxf7 32. Re3 Ra4 33. Rxe5 Bxa3 34. Bxa3 Rxa3 35. Re6 Rc3 36. Kb2 Rc4 37. Rg6 c5 38. Kb3 Rb4+ 39. Kc3 Rc4+ 40. Kd3 Rd4+ 41. Ke3 b4 42. Ke2 Rc4 43. Kd3 Rc3+ 44. Kd2 Rg3 45. Ke2 c4 46. Rb6 Rxg4 47. Rxb4 Rh4 48. Kf3 Kf6 49. Rb6+ Kxf5 50. Rg6 Rxh5 51. Rxg7 Rh2 52. Rf7+ Kg6 53. Rc7 Rxc2 54. Kg4 Kf6 55. Kf4 h5 56. Rc6+ Ke7 57. Kg5 Kd7 58. Rc5 Kd6 59. Rc8 Rg2+ 60. Kxh5 Kd5 61. Kh4 Rg6 62. Ra8 c3 0-1

[Event "Najdorf Memorial Great fin"]
[Site "Buenos Aires"]
[Date "2002.10.02"]
[Round "1.5"]
[White "Larsen, Bent"]
[Black "Rosito, Jorge"]
[Result "1-0"]
[WhiteElo "2486"]
[BlackElo "2424"]
[PlyCount "91"]
[EventDate "2002.09.01"]
[EventType "k.o."]
[EventRounds "4"]
[EventCountry "ARG"]
[SourceTitle "CBM 090 Extra"]
[Source "ChessBase"]
[SourceDate "2002.11.07"]
[SourceVersion "1"]
[SourceVersionDate "2002.11.07"]
[SourceQuality "1"]

1. e4 c5 2. Nc3 Nc6 3. f4 e6 4. Nf3 d5 5. Bb5 dxe4 6. Bxc6+ bxc6 7. Nxe4 Nf6 8. d3 c4 9. Nxf6+ Qxf6 10. dxc4 Bc5 11. Qe2 0-0 12. Qe5 Qe7 13. Bd2 Bd6 14. Qe2 Qc7 15. g3 c5 16. 0-0-0 Bb7 17. Rhf1 Rab8 18. Bc3 Be7 19. Ne5 Bf6 20. h4 Rfd8 21. Qe3 Ba8 22. b3 Bg2 23. Rfe1 Ba8 24. h5 h6 25. g4 Qe7 26. Ba5 Rd4 27. Bc3 Rxf4 28. Rd7 Qe8 29. Qxf4 Bg5 30. Qxg5 hxg5 31. Rxf7 Rb7 32. Ref1 Rxf7 33. Rxf7 Qxf7 34. Nxf7 Kxf7 35. Be5 Bf3 36. Bd6 Bxg4 37. Bxc5 a6 38. Kd2 Bxh5 39. b4 Bf3 40. a4 Kf6 41. b5 axb5 42. cxb5 Ke5 43. c4 g4 44. Ke3 Bd1 45. a5 g3 46. b6 1-0

[Event "Pinamar Masters 2nd"]
[Site "Pinamar"]
[Date "2002.03.25"]
[Round "7"]
[White "Larsen, Bent"]
[Black "Ricardi, Pablo"]
[Result "0-1"]
[WhiteElo "2486"]
[BlackElo "2544"]
[PlyCount "80"]
[EventDate "2002.03.21"]
[EventType "tourn"]
[EventRounds "9"]
[EventCountry "ARG"]
[EventCategory "11"]
[SourceTitle "CBM 088"]
[Source "ChessBase"]
[SourceDate "2002.03.21"]
[SourceVersion "1"]
[SourceVersionDate "2002.03.21"]
[SourceQuality "1"]

1. g3 Nf6 2. Bg2 d5 3. Nf3 g6 4. c4 Bg7 5. cxd5 Nxd5 6. 0-0 0-0 7. Nc3 c5 8. Nxd5 Qxd5 9. d3 Nc6 10. Be3 Bxb2 11. Rb1 Bg7 12. Qa4 Nb4 13. Ng5 Qd8 14. Bxc5 Nd5 15. Bxd5 Qxd5 16. Bxe7 Bd7 17. Qh4 h6 18. Ne4 Bc6 19. Bxf8 Rxf8 20. f3 Qxa2 21. Rfe1 Re8 22. g4 a5 23. Qf2 Qd5 24. Kf1 a4 25. Red1 a3 26. d4 Rxe4 27. fxe4 Qxe4 28. Rd3 Qh1+ 29. Qg1 Qxg1+ 30. Kxg1 Be4 31. Rxa3 Bxb1 32. e3 Be4 33. Ra5 Kf8 34. d5 Ke7 35. Rb5 Kd6 36. Rxb7 Bxd5 37. Ra7 Be5 38. h3 Bg3 39. Kf1 Ke5 40. Re7+ Be6 0-1

[Event "Pinamar Masters 2nd"]
[Site "Pinamar"]
[Date "2002.03.25"]
[Round "8"]
[White "Slipak, Sergio"]
[Black "Larsen, Bent"]
[Result "1/2-1/2"]
[WhiteElo "2498"]
[BlackElo "2486"]
[PlyCount "137"]
[EventDate "2002.03.21"]
[EventType "tourn"]
[EventRounds "9"]
[EventCountry "ARG"]
[EventCategory "11"]
[SourceTitle "CBM 088"]
[Source "ChessBase"]
[SourceDate "2002.03.21"]
[SourceVersion "1"]
[SourceVersionDate "2002.03.21"]
[SourceQuality "1"]

1. d4 e6 2. c4 Bb4+ 3. Bd2 Bxd2+ 4. Qxd2 d6 5. Nc3 Nf6 6. e4 Nbd7 7. f4 e5 8. fxe5 dxe5 9. d5 0-0 10. Nf3 c6 11. Bd3 cxd5 12. cxd5 Qb6 13. Na4 Qd6 14. 0-0 b5 15. Nc3 b4 16. Na4 Ba6 17. Rac1 Rfc8 18. b3 Bxd3 19. Qxd3 Nb6 20. h3 Nxa4 21. bxa4 Nd7 22. Qb5 Rc3 23. Rxc3 bxc3 24. Qc6 Qxc6 25. dxc6 Nc5 26. Nxe5 Rc8 27. Rd1 f6 28. Rd5 Ne6 29. Nd3 Rxc6 30. Kf2 Rc4 31. Ke3 Rxa4 32. Nc1 Rb4 33. Rd3 Rb2 34. Rxc3 Rxg2 35. Rc8+ Kf7 36. Kf3 Rg1 37. Ne2 Ra1 38. Nc1 Ng5+ 39. Ke3 Nxh3 40. Kd2 Rb1 41. Rc7+ Kg6 42. Rxa7 h5 43. Nd3 h4 44. e5 Ng5 45. exf6 gxf6 46. Ra3 Kf5 47. Nf2 Kf4 48. Ke2 f5 49. Nd3+ Kg3 50. Ra5 Ne6 51. Ra8 Nf4+ 52. Nxf4 Kxf4 53. Kf2 Rb2+ 54. Kg1 h3 55. Rh8 Kg3 56. Rg8+ Kf3 57. Kh1 f4 58. a4 Ra2 59. Rh8 Kf2 60. Kh2 f3 61. Rb8 Ke2 62. Re8+ Kf1+ 63. Kh1 f2 64. Kh2 Rxa4 65. Kxh3 Kg1 66. Rg8+ Kh1 67. Kg3 f1Q 68. Rh8+ Kg1 69. Rh1+ 1/2-1/2

[Event "Pinamar Masters 2nd"]
[Site "Pinamar"]
[Date "2002.03.23"]
[Round "4"]
[White "Larsen, Bent"]
[Black "Rodriguez Vila, Andres"]
[Result "0-1"]
[WhiteElo "2486"]
[BlackElo "2460"]
[PlyCount "116"]
[EventDate "2002.03.21"]
[EventType "tourn"]
[EventRounds "9"]
[EventCountry "ARG"]
[EventCategory "11"]
[SourceTitle "CBM 088"]
[Source "ChessBase"]
[SourceDate "2002.03.21"]
[SourceVersion "1"]
[SourceVersionDate "2002.03.21"]
[SourceQuality "1"]

1. Nf3 f5 2. g3 Nf6 3. Bg2 g6 4. 0-0 Bg7 5. c4 d6 6. d4 0-0 7. Nc3 Nc6 8. d5 Na5 9. Qd3 c5 10. dxc6 Nxc6 11. Rd1 Kh8 12. Qc2 Be6 13. b3 Bg8 14. Bb2 Qa5 15. e3 a6 16. Nd4 Rac8 17. Qd2 Nxd4 18. exd4 b5 19. cxb5 axb5 20. d5 f4 21. Ne2 Qxd2 22. Rxd2 fxg3 23. hxg3 Rc5 24. b4 Rc4 25. a3 Ng4 26. Bxg7+ Kxg7 27. Nd4 Rxf2 28. Rxf2 Nxf2 29. Nxb5 Ne4 30. Bxe4 Rxe4 31. Rd1 Re3 32. Kf2 Rb3 33. g4 Kf6 34. Ke2 Ke5 35. Nd4 Rb2+ 36. Kd3 Bxd5 37. Re1+ Kf6 38. Kc3 Rg2 39. a4 Rg3+ 40. Kb2 Rxg4 41. Nc2 h5 42. a5 Bc4 43. Na3 Ba6 44. Kb3 Rg3+ 45. Ka4 h4 46. b5 Rxa3+ 47. Kxa3 Bxb5 48. Rb1 Ba6 49. Rb6 h3 50. Rb3 Bc8 51. a6 h2 52. Rb1 Bxa6 53. Rh1 g5 54. Rxh2 g4 55. Kb3 Bb7 56. Kc3 g3 57. Rb2 g2 58. Rb1 Ba6 0-1

[Event "Maestros-Olavarria Tandil"]
[Site "Olavarria"]
[Date "2002.??.??"]
[Round "?"]
[White "Arambel, Sergio Javier"]
[Black "Larsen, Bent"]
[Result "1/2-1/2"]
[WhiteElo "2245"]
[BlackElo "2470"]
[PlyCount "81"]
[EventDate "2002.12.08"]
[EventType "team"]
[EventRounds "8"]
[EventCountry "ARG"]
[SourceTitle "EXT 2004"]
[Source "ChessBase"]
[SourceDate "2003.11.25"]
[SourceVersion "1"]
[SourceVersionDate "2003.11.25"]
[SourceQuality "1"]

1. c4 f5 2. d4 Nf6 3. g3 d6 4. Bg2 e5 5. Nc3 Be7 6. e3 0-0 7. Nge2 c5 8. 0-0 Na6 9. b3 Nc7 10. Bb2 Rb8 11. Qc2 a6 12. Rad1 Qe8 13. Nd5 Ncxd5 14. cxd5 cxd4 15. exd4 e4 16. Nc3 b5 17. b4 Bb7 18. f3 Nxd5 19. Nxd5 Bxd5 20. fxe4 Rc8 21. Qb1 fxe4 22. Bxe4 Qh5 23. Rxf8+ Rxf8 24. Re1 Bf6 25. a3 Rc8 26. Qd3 h6 27. Bg6 Qf3 28. Qxf3 Bxf3 29. Re8+ Rxe8 30. Bxe8 Kf8 31. Bg6 Ke7 32. Kf2 Bb7 33. h4 Ke6 34. Ke3 Bd5 35. Bc3 Bd8 36. Bh5 Kf5 37. Be1 g5 38. Be8 Ke6 39. Bh5 Kf5 40. Be8 Ke6 41. Bh5 1/2-1/2

[Event "Maestros-Olavarria Tandil"]
[Site "Olavarria"]
[Date "2002.??.??"]
[Round "?"]
[White "Larsen, Bent"]
[Black "Marinangeli, Martin"]
[Result "1-0"]
[WhiteElo "2470"]
[BlackElo "2143"]
[PlyCount "111"]
[EventDate "2002.12.08"]
[EventType "team"]
[EventRounds "8"]
[EventCountry "ARG"]
[SourceTitle "EXT 2004"]
[Source "ChessBase"]
[SourceDate "2003.11.25"]
[SourceVersion "1"]
[SourceVersionDate "2003.11.25"]
[SourceQuality "1"]

1. g3 d5 2. Bg2 Nf6 3. c4 e6 4. Nf3 Be7 5. b3 0-0 6. 0-0 c5 7. cxd5 exd5 8. d4 Nc6 9. Bb2 Be6 10. Nc3 Rc8 11. Rc1 cxd4 12. Nxd4 Qd7 13. Na4 Nxd4 14. Qxd4 b6 15. Rfd1 Rxc1 16. Rxc1 Rc8 17. Rxc8+ Qxc8 18. Nc3 Qd7 19. Kf1 Bc5 20. Qa4 Ng4 21. Qxd7 Bxd7 22. Nxd5 Nxh2+ 23. Ke1 Ng4 24. e3 f6 25. a3 Kf7 26. b4 Bd6 27. Bf1 Bc6 28. Bc4 Ke8 29. Nf4 Ke7 30. b5 Bb7 31. Ke2 Be5 32. Bc1 Bd6 33. Nd5+ Kf8 34. f4 f5 35. a4 Bxd5 36. Bxd5 Nf6 37. Bc6 Ne4 38. Bxe4 fxe4 39. Bb2 g6 40. Bd4 Ke7 41. g4 Bb4 42. Be5 Bd6 43. Bd4 Bb4 44. Kd1 Ke6 45. Kc2 Bd6 46. a5 Bc7 47. Kc3 h5 48. axb6 axb6 49. f5+ Kf7 50. fxg6+ Kxg6 51. gxh5+ Kxh5 52. Kc4 Kg4 53. Kd5 Kf3 54. Kc6 Bd8 55. Kd7 Bg5 56. Bxb6 1-0

[Event "Vicente Lopez Rubinstein op"]
[Site "Vicente Lopez"]
[Date "2000.11.18"]
[Round "3"]
[White "Larsen, Bent"]
[Black "Montoro, Gustavo Ernesto"]
[Result "1-0"]
[WhiteElo "2500"]
[BlackElo "2091"]
[PlyCount "59"]
[EventDate "2000.11.16"]
[EventType "swiss"]
[EventRounds "9"]
[EventCountry "ARG"]
[SourceTitle "EXT 2002"]
[Source "ChessBase"]
[SourceDate "2001.11.25"]
[SourceVersion "1"]
[SourceVersionDate "2001.11.25"]
[SourceQuality "1"]

1. Nf3 e6 2. g3 b6 3. Bg2 Bb7 4. 0-0 f5 5. c4 Nf6 6. Nc3 Be7 7. d4 Ne4 8. d5 Nxc3 9. bxc3 c5 10. Ne5 Qc8 11. e4 0-0 12. Re1 Bf6 13. exf5 exf5 14. Qc2 g6 15. Bf4 Re8 16. h4 Na6 17. Qd2 Nc7 18. a4 d6 19. Nc6 Qd7 20. Rxe8+ Nxe8 21. Re1 Qg7 22. Re6 Bxc3 23. Qe3 Bxc6 24. dxc6 Be5 25. Rxe5 dxe5 26. Bd5+ Kh8 27. Bxe5 Nf6 28. Qg5 Rf8 29. c7 h6 30. Qxf6 1-0

[Event "Las Palmas op"]
[Site "Las Palmas"]
[Date "1999.12.07"]
[Round "7"]
[White "Larsen, Bent"]
[Black "Hernandez, Joaquin"]
[Result "1/2-1/2"]
[WhiteElo "2522"]
[BlackElo "2275"]
[PlyCount "68"]
[EventDate "1999.12.01"]
[EventType "swiss"]
[EventRounds "9"]
[EventCountry "ESP"]
[SourceTitle "CBM 073 Extra"]
[Source "ChessBase"]
[SourceDate "2000.01.11"]
[SourceVersion "1"]
[SourceVersionDate "2000.01.11"]
[SourceQuality "1"]

1. Nf3 Nf6 2. g3 b6 3. Bg2 Bb7 4. c4 c5 5. 0-0 e6 6. Nc3 Be7 7. d3 d5 8. cxd5 Nxd5 9. Qa4+ Qd7 10. Qxd7+ Nxd7 11. Bd2 0-0 12. Rab1 Rac8 13. Rfc1 Rfd8 14. a3 Nb8 15. b4 cxb4 16. Nxd5 Bxd5 17. axb4 a6 18. b5 axb5 19. Rxb5 Rxc1+ 20. Bxc1 Nd7 21. Nd4 Bxg2 22. Kxg2 Rc8 23. Be3 Bc5 24. Nc2 Bxe3 25. Nxe3 Kf8 26. Nc4 Rc6 27. f4 Ke7 28. g4 Kd8 29. f5 exf5 30. Rxf5 f6 31. g5 Rc5 32. Rxc5 bxc5 33. gxf6 Nxf6 34. Kf3 Ke7 1/2-1/2

[Event "Petrosian Memorial"]
[Site "Moscow"]
[Date "1999.06.22"]
[Round "5"]
[White "Hort, Vlastimil"]
[Black "Larsen, Bent"]
[Result "1/2-1/2"]
[WhiteElo "2526"]
[BlackElo "2532"]
[PlyCount "24"]
[EventDate "1999.06.??"]
[EventType "tourn"]
[EventRounds "9"]
[EventCountry "RUS"]
[EventCategory "11"]
[SourceTitle "CBM 072"]
[Source "ChessBase"]
[SourceDate "1999.10.01"]
[SourceVersion "1"]
[SourceVersionDate "1999.10.01"]
[SourceQuality "1"]

1. c4 Nf6 2. Nc3 c5 3. Nf3 Nc6 4. g3 g6 5. d4 cxd4 6. Nxd4 d6 7. Bg2 Bd7 8. 0-0 Bg7 9. b3 0-0 10. Bb2 Nxd4 11. Qxd4 Be6 12. Nd5 Bxd5 1/2-1/2